| 000 | 01126nam a2200181Ia 4500 | ||
|---|---|---|---|
| 008 | 151202s9999||||xx |||||||||||||| ||und|| | ||
| 082 | _bPNVM-70569 | ||
| 100 | _a"वागळे सुबोध, धर्माधिकारी श्रीपाद, वारघडे सचिन,दीक्षित कल्पना रेहमत,द्विवेदी गौरव." | ||
| 245 | _aजल नियामक आयोग. | ||
| 260 | _bप्रयास पुणे. | ||
| 260 | _c70569 | ||
| 300 | _a66 | ||
| 600 | _a"वागळे सुबोध, धर्माधिकारी श्रीपाद, वारघडे सचिन,दीक्षित कल्पना रेहमत,द्विवेदी गौरव." | ||
| 630 | _aजल नियामक आयोग. | ||
| 700 | _a"वागळे सुबोध, धर्माधिकारी श्रीपाद, वारघडे सचिन,दीक्षित कल्पना रेहमत,द्विवेदी गौरव." | ||
| 730 | _aजल नियामक आयोग. | ||
| 942 | _cBOOK | ||
| 999 |
_c1337078 _d1337075 |
||